Developing a collector system aggregation technique of a large-scale grid-connected wind farm for power system studies / (رقم التسجيلة. 168747)
[ عرض عادي ]
| 000 -LEADER | |
|---|---|
| fixed length control field | 04453namaa22004211i 4500 |
| 003 - CONTROL NUMBER IDENTIFIER | |
| control field | OSt |
| 005 - أخر تعامل مع التسجيلة | |
| control field | 20250223033322.0 |
| 008 - FIXED-LENGTH DATA ELEMENTS--GENERAL INFORMATION | |
| fixed length control field | 241111s2023 |||a|||f m||| 000 0 eng d |
| 040 ## - CATALOGING SOURCE | |
| Original cataloguing agency | EG-GICUC |
| Language of cataloging | eng |
| Transcribing agency | EG-GICUC |
| Modifying agency | EG-GICUC |
| Description conventions | rda |
| 041 0# - LANGUAGE CODE | |
| Language code of text/sound track or separate title | eng |
| Language code of summary or abstract | eng |
| -- | ara |
| 049 ## - Acquisition Source | |
| Acquisition Source | Deposite |
| 082 04 - DEWEY DECIMAL CLASSIFICATION NUMBER | |
| Classification number | 621.312136 |
| 092 ## - LOCALLY ASSIGNED DEWEY CALL NUMBER (OCLC) | |
| Classification number | 621.312136 |
| Edition number | 21 |
| 097 ## - Degree | |
| Degree | M.Sc |
| 099 ## - LOCAL FREE-TEXT CALL NUMBER (OCLC) | |
| Local Call Number | Cai01.13.07.M.Sc.2023.Ab.D |
| 100 0# - MAIN ENTRY--PERSONAL NAME | |
| Authority record control number or standard number | Abdulrahman Mahmoud Abdulsalam Emam, |
| Preparation | preparation. |
| 245 10 - TITLE STATEMENT | |
| Title | Developing a collector system aggregation technique of a large-scale grid-connected wind farm for power system studies / |
| Statement of responsibility, etc. | by Abdulrahman Mahmoud Abdulsalam Emam ; supervisors Prof. Zeinab Mohamed Osman , Prof. Mostafa El-Shahed , Dr. Mohamed Yousri. |
| 246 15 - VARYING FORM OF TITLE | |
| Title proper/short title | / تطوير تقنية تجميع الشبكة الداخلية لمزرعة الرياح واسعة النطاق المتصلة بالشبكة لدراسات نظم القوي الكهربية |
| 264 #0 - PRODUCTION, PUBLICATION, DISTRIBUTION, MANUFACTURE, AND COPYRIGHT NOTICE | |
| Date of production, publication, distribution, manufacture, or copyright notice | 2023. |
| 300 ## - PHYSICAL DESCRIPTION | |
| Extent | 74 pages : |
| Other physical details | illustrations ; |
| Dimensions | 30 cm. + |
| Accompanying material | CD. |
| 336 ## - CONTENT TYPE | |
| Content type term | text |
| Source | rda content |
| 337 ## - MEDIA TYPE | |
| Media type term | Unmediated |
| Source | rdamedia |
| 338 ## - CARRIER TYPE | |
| Carrier type term | volume |
| Source | rdacarrier |
| 502 ## - DISSERTATION NOTE | |
| Dissertation note | Thesis (M.Sc)-Cairo University, 2023. |
| 504 ## - BIBLIOGRAPHY, ETC. NOTE | |
| Bibliography, etc. note | Bibliography: pages 67-71. |
| 520 ## - SUMMARY, ETC. | |
| Summary, etc. | This thesis presents a Per Unit Full Aggregation (PUFA) technique based on the power loss-based wind farm collector system technique and the Per-Unit (pu) system model to obtain an equivalent representation of the large-scale wind farm collector system. Using the developed technique, an equivalent model of Gabel El-Zeit WF, Egypt, which includes two HV three-winding transformers, is implemented. DIgSILENT PowerFactory software is used to compare the proposed model's quasi-dynamic simulation (QDS), transient time domain simulation in both constant and variable incoming wind speed cases, modal analysis (MA), and small signal simulation response and the corresponding responses of the Detailed Model (DM), Multi Machine Equivalent Model (MMEM), and Full Aggregated Equivalent Model (FAEM) using overall active and reactive power losses from the DM power flow calculations.<br/>The comparison between the different models and the proposed one has confirmed that it realizes very competitive results with the highest computation speed and very good accuracy in both steady-state and dynamic conditions. |
| 520 ## - SUMMARY, ETC. | |
| Summary, etc. | استنادًا إلى معادلات فقد الطاقة ونظام الوحدة، تقدم الرسالة طريقة لتجميع الشبكة الداخلية لمحطات الرياح واسعة النطاق المتصلة بالشبكة والمحتوية علي محولات ثنائية وثلاثية الملفات. وتم التطبيق علي محطة رياح جبل الزيت في مصر، وشملت الرسالة علي مقارنة بين نتائج النموذج المجمع باستخدام الطريقة المطورة ونتائج كل من النموذج التفصيلي والنموذج المجمع متعدد الماكينات والنموذج المجمع الكلي باستخدام تقنية حساب الفقد في القدرة الفعالة والغير فعالة من نتائج حساب سريان القدرة للنموذج التفصيلي آخذة في الاعتبار حالتي ثبات وتغير سرعة الرياح على المناطق المختلفة لتوربينات الرياح. أكدت المقارنة بين النماذج المختلفة والنموذج المقترح أنه يحقق نتائج تنافسية للغاية مع أعلى سرعة حسابية ودقة جيدة جدًا في كل من الحالة المستقرة والظروف الديناميكية. |
| 530 ## - ADDITIONAL PHYSICAL FORM AVAILABLE NOTE | |
| Issues CD | Issues also as CD. |
| 546 ## - LANGUAGE NOTE | |
| Text Language | Text in English and abstract in Arabic & English. |
| 650 #7 - SUBJECT ADDED ENTRY--TOPICAL TERM | |
| Topical term or geographic name entry element | wind power generation |
| Source of heading or term | qrmak |
| 653 #0 - INDEX TERM--UNCONTROLLED | |
| Uncontrolled term | Wind farm modeling |
| -- | Three winding transformers |
| -- | Collector system aggregation technique |
| -- | Steady-state and dynamic studies |
| -- | DIgSILENT Power Factory |
| 700 0# - ADDED ENTRY--PERSONAL NAME | |
| Personal name | Zeinab Mohamed Osman |
| Relator term | thesis advisor. |
| 700 0# - ADDED ENTRY--PERSONAL NAME | |
| Personal name | Mohamed Yousri |
| Relator term | thesis advisor. |
| 900 ## - Thesis Information | |
| Grant date | 01-01-2023 |
| Supervisory body | Mohamed Yousri |
| -- | Zeinab Mohamed Osman |
| Discussion body | Mohamed Ahmed Hassan |
| -- | Almoataz Yousef Abdelaziz |
| Universities | Cairo University |
| Faculties | Faculty of Engineering |
| Department | Department of Electrical Power and Machines Engineering |
| 905 ## - Cataloger and Reviser Names | |
| Cataloger Name | Shimaa |
| Reviser Names | Huda |
| 942 ## - ADDED ENTRY ELEMENTS (KOHA) | |
| Source of classification or shelving scheme | Dewey Decimal Classification |
| Koha item type | Thesis |
| Edition | 21 |
| Suppress in OPAC | No |
| Source of classification or shelving scheme | Home library | Current library | Date acquired | Inventory number | Full call number | Barcode | Date last seen | Effective from | Koha item type |
|---|---|---|---|---|---|---|---|---|---|
| Dewey Decimal Classification | المكتبة المركزبة الجديدة - جامعة القاهرة | قاعة الرسائل الجامعية - الدور الاول | 11.11.2024 | 89182 | Cai01.13.07.M.Sc.2023.Ab.D | 01010110089182000 | 11.11.2024 | 11.11.2024 | Thesis |